000 00319nam a22001457a 4500
008 210311b ||||| |||| 00| 0 eng d
020 _a9780131844735
041 _aeng
080 _28th
_a038
082 _28th
_a038
100 _a23
101 _aFJA
245 _aSteps in Compositin
_cTroyka,Q.L
942 _2udc
_cBK
999 _c56339
_d56339